000 00613nam0a22002171 4500
001 rc\766864
005 20250622124224.0
035 _a(NLR Aleph) 006293926
090 _a7179514
_c7179514
100 _a20040301d1985 |||y0rusy50 ca
101 0 _arus
102 _aRU
105 _aa |||||||||
200 1 _aФилипок
_e[Сборник
_eДля мл. шк. возраста]
_fРис. К. Туренко
210 _aДушанбе
_cМаориф
_d1985
215 _a32 с.
_cцв. ил.
_d24
801 0 _aRU
_bNLR
_gpsbo
801 1 _aRU
_bELAR
_2rusmarc
852 _aNLR
_j85-7/1432
942 _cBOOK
980 _aNB